<?xml version="1.0" encoding="UTF-8"?>
<record
    xmlns:xsi="http://www.w3.org/2001/XMLSchema-instance"
    xsi:schemaLocation="http://www.loc.gov/MARC21/slim http://www.loc.gov/standards/marcxml/schema/MARC21slim.xsd"
    xmlns="http://www.loc.gov/MARC21/slim">

  <leader>01452nam a2200229 a 4500</leader>
  <controlfield tag="001">ASIN393771880X</controlfield>
  <controlfield tag="003">OSt</controlfield>
  <controlfield tag="005">20180116192422.0</controlfield>
  <controlfield tag="008">140407s2007    xxu                 eng d</controlfield>
  <datafield tag="020" ind1=" " ind2=" ">
    <subfield code="a">393771880X (hardcover)</subfield>
    <subfield code="c">$59.95</subfield>
  </datafield>
  <datafield tag="020" ind1=" " ind2=" ">
    <subfield code="a">9783937718804 (hardcover)</subfield>
  </datafield>
  <datafield tag="040" ind1=" " ind2=" ">
    <subfield code="c">sada</subfield>
  </datafield>
  <datafield tag="082" ind1=" " ind2=" ">
    <subfield code="a">720.944</subfield>
    <subfield code="b">PAR 2007</subfield>
  </datafield>
  <datafield tag="245" ind1="1" ind2="0">
    <subfield code="a">Paris architecture &amp; design /</subfield>
    <subfield code="c">Daab.</subfield>
  </datafield>
  <datafield tag="250" ind1=" " ind2=" ">
    <subfield code="a">Mul ed.</subfield>
  </datafield>
  <datafield tag="260" ind1=" " ind2=" ">
    <subfield code="a">[S.l.] :</subfield>
    <subfield code="b">daab,</subfield>
    <subfield code="c">2007.</subfield>
  </datafield>
  <datafield tag="300" ind1=" " ind2=" ">
    <subfield code="a">237 p. ;</subfield>
    <subfield code="c">33 cm.</subfield>
  </datafield>
  <datafield tag="520" ind1=" " ind2=" ">
    <subfield code="a">It has been the French revolution that has paved the way for an inventive and creative spirit in the arts, architecture, literature, and music that enhanced the development of science and technology of the future. Even a few years back, on the 200th anniversary of the revolution, the city presented more breath-taking monuments to modern architecture, which rival any in Europe. This book presents new and innovative projects by architects, who on the one hand, bear witness to the desire to combine environmentalism with the urban needs and, on the other, to the diversity of influence and changes needed in the architectural outlook. All projects will be listed in alphabetical order to the architects and designers, presented in a very clear layout. As far as available floor plans will give additional insights.</subfield>
  </datafield>
  <datafield tag="700" ind1="1" ind2=" ">
    <subfield code="a">Daab.</subfield>
    <subfield code="9">7486</subfield>
  </datafield>
  <datafield tag="856" ind1="4" ind2="0">
    <subfield code="3">Amazon.com</subfield>
    <subfield code="u">http://www.amazon.com/exec/obidos/ASIN/393771880X/chopaconline-20</subfield>
  </datafield>
  <datafield tag="942" ind1=" " ind2=" ">
    <subfield code="2">ddc</subfield>
    <subfield code="c">BK</subfield>
  </datafield>
  <datafield tag="999" ind1=" " ind2=" ">
    <subfield code="c">353932</subfield>
    <subfield code="d">353932</subfield>
  </datafield>
  <datafield tag="952" ind1=" " ind2=" ">
    <subfield code="0">0</subfield>
    <subfield code="1">0</subfield>
    <subfield code="2">ddc</subfield>
    <subfield code="4">0</subfield>
    <subfield code="7">0</subfield>
    <subfield code="a">SADA</subfield>
    <subfield code="b">SADA</subfield>
    <subfield code="d">2014-04-04</subfield>
    <subfield code="l">1</subfield>
    <subfield code="m">1</subfield>
    <subfield code="o">720.944 PAR 2007</subfield>
    <subfield code="p">SADA0002281</subfield>
    <subfield code="r">2015-02-10</subfield>
    <subfield code="s">2014-12-16</subfield>
    <subfield code="v">6679.96</subfield>
    <subfield code="w">2014-04-07</subfield>
    <subfield code="y">BK</subfield>
  </datafield>
</record>
